[Event "Mecklenburg VP-chC"]
[Site "Greifswald"]
[Date "2024.03.23"]
[Round "1"]
[White "Benik, Egbert"]
[Black "Moutaqi, Sandra"]
[Result "1/2-1/2"]
[WhiteElo "1620"]
[BlackElo "2005"]
[PlyCount "65"]
[EventDate "2024.03.23"]
[EventType "swiss"]
[EventRounds "7"]
[EventCountry "GER"]
[SourceTitle "CB14_2024"]
[SourceDate "2024.04.01"]
[SourceVersion "1"]
[SourceVersionDate "2024.04.01"]
[SourceQuality "1"]

1. e4 c5 2. Bc4 d6 3. Ne2 Nf6 4. d3 g6 5. Bg5 Bg7 6. Bxf6 Bxf6 7. c3 0-0 8. 0-0 a6 9. Nd2 b5 10. Bb3 Qb6 11. Kh1 Nc6 12. Bd5 Bb7 13. Bxc6 Bxc6 14. Qc2 Rac8 15. f4 Rfd8 16. Qb3 Qb7 17. Qc2 b4 18. c4 a5 19. Rab1 a4 20. Qd1 Bg7 21. g4 f5 22. gxf5 gxf5 23. Ng3 Rf8 24. Qh5 Be8 25. Qh3 Bd7 26. Qg2 Kh8 27. Qe2 Bc6 28. Rf3 e6 29. Kg1 Bd4+ 30. Kf1 Rg8 31. Ke1 Rce8 32. Kd1 b3 33. a3 1/2-1/2

[Event "Mecklenburg VP-chC"]
[Site "Greifswald"]
[Date "2024.03.23"]
[Round "2"]
[White "Moutaqi, Sandra"]
[Black "Mykhailova, Yelyzaveta"]
[Result "1-0"]
[WhiteElo "2005"]
[BlackElo "823"]
[PlyCount "71"]
[EventDate "2024.03.23"]
[EventType "swiss"]
[EventRounds "7"]
[EventCountry "GER"]
[SourceTitle "CB14_2024"]
[SourceDate "2024.04.01"]
[SourceVersion "1"]
[SourceVersionDate "2024.04.01"]
[SourceQuality "1"]

1. d4 d5 2. c4 Nf6 3. Nc3 c6 4. e3 g6 5. Nf3 Bg7 6. Bd3 0-0 7. 0-0 Nbd7 8. cxd5 Nxd5 9. e4 Nxc3 10. bxc3 Qc7 11. Bg5 Re8 12. Qd2 e5 13. Rac1 b5 14. Bh6 exd4 15. cxd4 Nf6 16. e5 Nd5 17. Bxg7 Kxg7 18. Bxb5 Bb7 19. Bc4 Qd7 20. Bxd5 Qxd5 21. Rc5 Qe6 22. Ng5 Qe7 23. Ne4 Ba6 24. Rfc1 Bb5 25. Nf6 Red8 26. Qc3 a6 27. d5 cxd5 28. Nxd5 Qg5 29. e6+ f6 30. Nc7 Qg4 31. f3 Qf4 32. Nxa8 Rxa8 33. Rc7+ Kh6 34. g3 Qd6 35. Qxf6 Rf8 36. Qh4# 1-0

[Event "Mecklenburg VP LL2 West 2223"]
[Site "Mecklenburg VP"]
[Date "2022.10.23"]
[Round "1.7"]
[White "Wessollek, Peter"]
[Black "Moutaqi, Sandra"]
[Result "1/2-1/2"]
[WhiteElo "1755"]
[BlackElo "2005"]
[PlyCount "82"]
[EventDate "2022.10.23"]
[EventType "team-tourn"]
[EventRounds "9"]
[EventCountry "GER"]
[SourceTitle "EXT 2024"]
[Source "ChessBase"]
[SourceDate "2023.10.10"]
[SourceVersion "1"]
[SourceVersionDate "2023.10.10"]
[SourceQuality "1"]
[WhiteTeam "Putlitz Pritzwalk"]
[BlackTeam "Ludwigslust"]
[WhiteTeamCountry "GER"]
[BlackTeamCountry "GER"]

1. c4 e5 2. g3 Nf6 3. Bg2 d5 4. cxd5 Nxd5 5. e3 c6 6. Ne2 Bg4 7. f3 Bh5 8. 0-0 Bg6 9. d4 Nb4 10. e4 exd4 11. a3 d3 12. Nf4 Qd4+ 13. Kh1 Nc2 14. Ra2 Qc4 15. Nc3 Nxa3 16. Nxd3 Nb5 17. Nxb5 Qxb5 18. f4 f6 19. Re1 Be7 20. Bf1 Qb6 21. f5 Bf7 22. Ra1 Nd7 23. Qg4 Kf8 24. Be3 c5 25. Nf4 Ne5 26. Qh3 Nf3 27. Red1 Qb4 28. Bd3 c4 29. Be2 Ng5 30. Qg2 c3 31. bxc3 Qxe4 32. Bxa7 Qxf5 33. Qxb7 Rd8 34. Rxd8+ Bxd8 35. Rd1 Be7 36. Qb8+ Be8 37. Bd3 Qg4 38. Be2 Qf5 39. Bf1 Qe4+ 40. Bg2 Qc2 41. Re1 Qxc3 1/2-1/2

[Event "Mecklenburg VP LL2 West 1617"]
[Site "Mecklenburg VP"]
[Date "2017.04.02"]
[Round "8.7"]
[White "Wulf, Doris"]
[Black "Moutaqi, Sandra"]
[Result "1/2-1/2"]
[WhiteElo "1434"]
[BlackElo "2039"]
[PlyCount "41"]
[EventDate "2016.10.16"]
[EventType "team-tourn"]
[EventRounds "9"]
[EventCountry "GER"]
[SourceTitle "EXT 2022"]
[Source "ChessBase"]
[SourceDate "2021.10.06"]
[SourceVersion "1"]
[SourceVersionDate "2021.10.06"]
[SourceQuality "1"]
[WhiteTeam "Mecklenburger Springer SC"]
[BlackTeam "Ludwigslust VT 2000 II"]
[WhiteTeamCountry "GER"]
[BlackTeamCountry "GER"]

1. e4 c5 2. Nf3 Nc6 3. d4 cxd4 4. Nxd4 d6 5. Nc3 g6 6. Be3 Bg7 7. f3 Nf6 8. Qd2 0-0 9. 0-0-0 Ne5 10. Bh6 Be6 11. Nxe6 fxe6 12. Bxg7 Kxg7 13. f4 Nc6 14. Bc4 Qc8 15. Be2 e5 16. g3 h6 17. h4 Nd4 18. Bd3 Qg4 19. f5 gxf5 20. exf5 Nxf5 21. Be2 1/2-1/2

[Event "Arber op 3rd"]
[Site "Bayerisch Eisenstein"]
[Date "2014.08.24"]
[Round "9"]
[White "Moutaqi, Sandra"]
[Black "Grabmeier, Johannes"]
[Result "1/2-1/2"]
[WhiteElo "2069"]
[BlackElo "1914"]
[PlyCount "22"]
[EventDate "2014.08.16"]
[EventType "swiss"]
[EventRounds "9"]
[EventCountry "GER"]
[SourceTitle "CBM 161 Extra"]
[Source "ChessBase"]
[SourceDate "2014.08.29"]
[SourceVersion "1"]
[SourceVersionDate "2014.08.29"]
[SourceQuality "1"]

1. d4 c5 2. d5 f5 3. c4 Nf6 4. Nc3 g6 5. Nf3 d6 6. Qc2 Bg7 7. e3 0-0 8. Bd3 Na6 9. a3 Nc7 10. 0-0 Bd7 11. Rb1 e5 1/2-1/2

[Event "Arber op 3rd"]
[Site "Bayerisch Eisenstein"]
[Date "2014.08.16"]
[Round "1"]
[White "Moutaqi, Sandra"]
[Black "Hausner, Ivan"]
[Result "0-1"]
[WhiteElo "2069"]
[BlackElo "2350"]
[PlyCount "76"]
[EventDate "2014.08.16"]
[EventType "swiss"]
[EventRounds "9"]
[EventCountry "GER"]
[SourceTitle "CBM 161 Extra"]
[Source "ChessBase"]
[SourceDate "2014.08.29"]
[SourceVersion "1"]
[SourceVersionDate "2014.08.29"]
[SourceQuality "1"]

1. d4 Nf6 2. c4 e6 3. Nf3 c5 4. d5 b5 5. dxe6 fxe6 6. e3 bxc4 7. Bxc4 d5 8. Bb5+ Nbd7 9. 0-0 Bd6 10. Nc3 0-0 11. b3 Bb7 12. Bb2 Qe7 13. Rc1 Rad8 14. Qc2 e5 15. Ne2 e4 16. Nh4 Ng4 17. g3 Nxh2 18. Kxh2 Qxh4+ 19. Kg2 Qg4 20. Ng1 d4 21. Be2 Rf3 22. Bxf3 exf3+ 23. Kh2 Qh5+ 24. Nh3 Ne5 25. Rh1 Bc8 26. Kg1 Bxh3 27. exd4 Ng4 28. Qc4+ Kh8 29. Rc2 Re8 30. Bc3 Qf5 31. Ba5 Bg2 32. Rh4 Qe4 33. Rc1 Bxg3 34. Rxg4 Qxg4 35. fxg3 Qxg3 36. Qc2 Re2 37. Qxe2 fxe2 38. Be1 Qe3+ 0-1

[Event "Mecklenburg VP LL2 West 1314"]
[Site "Mecklenburg VP"]
[Date "2014.03.16"]
[Round "7.4"]
[White "Moutaqi, Sandra"]
[Black "Pamperin, Gerhard"]
[Result "1/2-1/2"]
[WhiteElo "1746"]
[BlackElo "1813"]
[PlyCount "40"]
[EventDate "2013.10.27"]
[EventType "team-tourn"]
[EventRounds "9"]
[EventCountry "GER"]
[SourceTitle "EXT 2022"]
[Source "ChessBase"]
[SourceDate "2021.10.06"]
[SourceVersion "1"]
[SourceVersionDate "2021.10.06"]
[SourceQuality "1"]
[WhiteTeam "Ludwigslust Post SV II"]
[BlackTeam "Schwerin SF IV"]
[WhiteTeamCountry "GER"]
[BlackTeamCountry "GER"]

1. d4 d5 2. c4 e6 3. Nf3 Nf6 4. Bg5 Be7 5. e3 0-0 6. Nc3 Nbd7 7. Bd3 dxc4 8. Bxc4 c5 9. 0-0 cxd4 10. Qxd4 Nb6 11. Qxd8 Rxd8 12. Bb3 Bd7 13. Rfd1 Kf8 14. Ne5 Be8 15. Rxd8 Rxd8 16. Rd1 Rxd1+ 17. Bxd1 Nfd5 18. Nxd5 Nxd5 19. Bxe7+ Nxe7 20. Kf1 f6 1/2-1/2

[Event "Mecklenburg VP LL2 West 1314"]
[Site "Mecklenburg VP"]
[Date "2013.11.24"]
[Round "3.4"]
[White "Moutaqi, Sandra"]
[Black "Hertel Mach, Frank"]
[Result "1-0"]
[WhiteElo "1746"]
[BlackElo "1798"]
[PlyCount "55"]
[EventDate "2013.10.27"]
[EventType "team-tourn"]
[EventRounds "9"]
[EventCountry "GER"]
[SourceTitle "EXT 2022"]
[Source "ChessBase"]
[SourceDate "2021.10.06"]
[SourceVersion "1"]
[SourceVersionDate "2021.10.06"]
[SourceQuality "1"]
[WhiteTeam "Ludwigslust Post SV II"]
[BlackTeam "Malchow Schachinsel"]
[WhiteTeamCountry "GER"]
[BlackTeamCountry "GER"]

1. d4 Nf6 2. c4 e6 3. Nf3 c5 4. e3 cxd4 5. exd4 d5 6. c5 Nc6 7. Bd3 Qc7 8. Nc3 b6 9. Nb5 Qb7 10. cxb6 Qxb6 11. 0-0 a6 12. Nc3 Bd6 13. Re1 Qc7 14. Bg5 Ne7 15. Bxf6 gxf6 16. Qc2 h6 17. Qa4+ Kf8 18. Rac1 Qb8 19. Rc2 Ra7 20. Rce2 Bd7 21. Qc2 Kg7 22. g3 Rc8 23. Qd2 e5 24. dxe5 fxe5 25. Nxe5 d4 26. Nxf7 Kxf7 27. Qxh6 Ng8 28. Bg6+ 1-0

[Event "Mecklenburg VP LL2 West 1314"]
[Site "Mecklenburg VP"]
[Date "2013.11.10"]
[Round "2.4"]
[White "Wagner, Bernd"]
[Black "Moutaqi, Sandra"]
[Result "1/2-1/2"]
[WhiteElo "1750"]
[BlackElo "1746"]
[PlyCount "31"]
[EventDate "2013.10.27"]
[EventType "team-tourn"]
[EventRounds "9"]
[EventCountry "GER"]
[SourceTitle "EXT 2022"]
[Source "ChessBase"]
[SourceDate "2021.10.06"]
[SourceVersion "1"]
[SourceVersionDate "2021.10.06"]
[SourceQuality "1"]
[WhiteTeam "Wismar ASV Gruen-Weiss II"]
[BlackTeam "Ludwigslust Post SV II"]
[WhiteTeamCountry "GER"]
[BlackTeamCountry "GER"]

1. d4 d5 2. c4 e6 3. Bf4 Nf6 4. e3 Be7 5. Bd3 0-0 6. Nc3 dxc4 7. Bxc4 Nd5 8. Bg3 Nxc3 9. bxc3 c5 10. Ne2 cxd4 11. exd4 Bd6 12. 0-0 Bxg3 13. Nxg3 Nd7 14. Re1 Qc7 15. Qb3 Nf6 16. Rac1 1/2-1/2

[Event "Mecklenburg VP LL2 West 1213"]
[Site "Mecklenburg VP"]
[Date "2013.03.17"]
[Round "7.3"]
[White "Konrad, Andreas"]
[Black "Moutaqi, Sandra"]
[Result "1/2-1/2"]
[WhiteElo "1726"]
[BlackElo "1748"]
[PlyCount "31"]
[EventDate "2012.10.14"]
[EventType "team-tourn"]
[EventRounds "9"]
[EventCountry "GER"]
[SourceTitle "EXT 2022"]
[Source "ChessBase"]
[SourceDate "2021.10.06"]
[SourceVersion "1"]
[SourceVersionDate "2021.10.06"]
[SourceQuality "1"]
[WhiteTeam "Mecklenburger Springer SC"]
[BlackTeam "Gadebusch"]
[WhiteTeamCountry "GER"]
[BlackTeamCountry "GER"]

1. e4 c5 2. Nf3 Nc6 3. d4 cxd4 4. Nxd4 d6 5. Nc3 Nf6 6. Be2 g6 7. Be3 Bg7 8. 0-0 0-0 9. Kh1 Bd7 10. f3 a6 11. Qd2 Qc7 12. Rac1 Ne5 13. b3 Rac8 14. Nd5 Nxd5 15. exd5 Qc3 16. Rfd1 1/2-1/2

[Event "Mecklenburg VP LL2 West 1213"]
[Site "Mecklenburg VP"]
[Date "2012.11.11"]
[Round "2.3"]
[White "Moutaqi, Sandra"]
[Black "Menkhaus, Wolf Dieter"]
[Result "1/2-1/2"]
[WhiteElo "1726"]
[BlackElo "1850"]
[PlyCount "49"]
[EventDate "2012.10.14"]
[EventType "team-tourn"]
[EventRounds "9"]
[EventCountry "GER"]
[SourceTitle "EXT 2022"]
[Source "ChessBase"]
[SourceDate "2021.10.06"]
[SourceVersion "1"]
[SourceVersionDate "2021.10.06"]
[SourceQuality "1"]
[WhiteTeam "Gadebusch"]
[BlackTeam "Rostock SSC 07 III"]
[WhiteTeamCountry "GER"]
[BlackTeamCountry "GER"]

1. d4 Nf6 2. c4 c5 3. d5 e5 4. dxe6 fxe6 5. Bg5 Be7 6. e3 0-0 7. Nf3 Nc6 8. Be2 Qc7 9. 0-0 d6 10. Nc3 a6 11. a3 Bd7 12. Rc1 Be8 13. Qc2 h6 14. Bh4 Nh5 15. Qe4 Bxh4 16. Nxh4 Qe7 17. Ng6 Bxg6 18. Qxg6 Nf6 19. Ne4 Nxe4 20. Qxe4 Rf6 21. Bd3 g6 22. Qh4 Kg7 23. f4 Raf8 24. Qg3 Qc7 25. Rc2 1/2-1/2

[Event "Mecklenburg VP LL2 West 1213"]
[Site "Mecklenburg VP"]
[Date "2012.10.14"]
[Round "1.2"]
[White "Wagner, Bernd"]
[Black "Moutaqi, Sandra"]
[Result "1/2-1/2"]
[WhiteElo "1704"]
[BlackElo "1726"]
[PlyCount "44"]
[EventDate "2012.10.14"]
[EventType "team-tourn"]
[EventRounds "9"]
[EventCountry "GER"]
[SourceTitle "EXT 2022"]
[Source "ChessBase"]
[SourceDate "2021.10.06"]
[SourceVersion "1"]
[SourceVersionDate "2021.10.06"]
[SourceQuality "1"]
[WhiteTeam "Wismar ASV Gruen-Weiss II"]
[BlackTeam "Gadebusch"]
[WhiteTeamCountry "GER"]
[BlackTeamCountry "GER"]

1. d4 d5 2. c4 e6 3. Nc3 Nf6 4. Bf4 c6 5. e3 Nbd7 6. Bd3 dxc4 7. Bxc4 Nd5 8. Bg3 N7b6 9. Bb3 Nxc3 10. bxc3 Nd5 11. Ne2 Qa5 12. Rc1 Ba3 13. Rc2 0-0 14. 0-0 b5 15. e4 Nf6 16. Qd3 Ba6 17. Qe3 Qb6 18. Rb1 c5 19. Rd2 cxd4 20. cxd4 b4 21. Bh4 Nd7 22. Ba4 Qd6 1/2-1/2

[Event "Main Vogelsberg op 4th"]
[Site "Heusenstamm"]
[Date "2009.04.30"]
[Round "1"]
[White "Moutaqi, Sandra"]
[Black "Wissel, Daniel"]
[Result "1/2-1/2"]
[WhiteElo "2120"]
[BlackElo "1489"]
[PlyCount "97"]
[EventDate "2009.04.30"]
[EventType "swiss"]
[EventRounds "7"]
[EventCountry "GER"]
[SourceTitle "CBM 130 Extra"]
[Source "ChessBase"]
[SourceDate "2009.07.02"]
[SourceVersion "2"]
[SourceVersionDate "2009.07.15"]
[SourceQuality "1"]

1. d4 b6 2. c4 Bb7 3. Nc3 Nf6 4. e3 e6 5. a3 d6 6. Nf3 Nbd7 7. Be2 Be7 8. 0-0 0-0 9. b4 c5 10. Bb2 d5 11. bxc5 bxc5 12. cxd5 Nxd5 13. Nxd5 Bxd5 14. dxc5 Nxc5 15. Bd4 Nb3 16. Rb1 Nxd4 17. Qxd4 Bxa3 18. Ra1 Qe7 19. Qa4 Bb2 20. Rab1 Qa3 21. Qxa3 Bxa3 22. Ba6 Rab8 23. Ne5 Bd6 24. Nc4 Rxb1 25. Rxb1 Rb8 26. Rxb8+ Bxb8 27. Nd2 Kf8 28. e4 Bc6 29. f3 Ke7 30. Nc4 Kd7 31. Kf2 Kc7 32. Ke3 Bb7 33. Bb5 a6 34. Be8 f6 35. Ba4 Bc6 36. Bb3 Bb5 37. Kd4 Kc6 38. h3 e5+ 39. Kc3 Kc5 40. Ne3 a5 41. Bg8 h6 42. Nf5 Bf1 43. Ne3 Bb5 44. Nf5 g6 45. Nxh6 Bf1 46. Ng4 Bxg2 47. Nxf6 Bxh3 48. Bb3 Bd6 49. Ba4 1/2-1/2